[Event "Reykjavik op"]
[Site "Reykjavik"]
[Date "2023.03.30"]
[Round "3"]
[White "Schrodt, Sebastian"]
[Black "Eliasson, Kristjan Orn"]
[Result "0-1"]
[WhiteElo "1972"]
[BlackElo "1737"]
[PlyCount "60"]
[EventDate "2023.03.29"]
[EventType "swiss"]
[EventRounds "9"]
[EventCountry "ISL"]
[SourceTitle "CBM 213 Extra"]
[Source "ChessBase"]
[SourceDate "2023.05.31"]
[SourceVersion "1"]
[SourceVersionDate "2023.05.31"]
[SourceQuality "1"]

1. Nf3 Nf6 2. g3 g6 3. b4 Bg7 4. Bb2 0-0 5. c4 c6 6. Bg2 d5 7. 0-0 dxc4 8. Na3 Na6 9. Nxc4 Nxb4 10. Rb1 Nbd5 11. Qc2 Nb6 12. Na5 Qd5 13. Bc3 Rb8 14. Nd4 Qd6 15. Ndxc6 bxc6 16. Bb4 Qe6 17. Nxc6 Rb7 18. Nd4 Qd7 19. Bxb7 Bxb7 20. Nb3 Qh3 21. f3 Ng4 22. Rf2 Nxf2 23. Kxf2 Qxh2+ 24. Kf1 Rc8 25. Qd3 Qxg3 26. Bc5 Qh3+ 27. Kg1 Be5 28. Qe3 Bh2+ 29. Kf2 Bg3+ 30. Kg1 Nd5 0-1

[Event "Helsingor Xtracon op"]
[Site "Helsingor"]
[Date "2018.07.23"]
[Round "4"]
[White "Kreken, Eivind Grunt"]
[Black "Schrodt, Sebastian"]
[Result "0-1"]
[WhiteElo "1626"]
[BlackElo "1955"]
[PlyCount "112"]
[EventDate "2018.07.21"]
[EventType "swiss"]
[EventRounds "10"]
[EventCountry "DEN"]
[SourceTitle "CBM 185 Extra"]
[Source "ChessBase"]
[SourceDate "2018.07.29"]
[SourceVersion "1"]
[SourceVersionDate "2018.07.29"]
[SourceQuality "1"]

1. c4 Nf6 2. Nc3 g6 3. g3 Bg7 4. Bg2 0-0 5. Nf3 d6 6. 0-0 Re8 7. d4 c6 8. e4 Qc7 9. h3 Nbd7 10. Be3 e5 11. d5 a6 12. a4 Rb8 13. Qd3 h6 14. b4 c5 15. b5 a5 16. Ne1 Nb6 17. Ra2 Nh5 18. Kh2 f5 19. f4 Qe7 20. Nf3 exf4 21. Bxf4 Nxf4 22. gxf4 fxe4 23. Nxe4 Qxe4 24. Qxe4 Rxe4 25. Ne5 Rxf4 26. Nxg6 Rxf1 27. Bxf1 Be5+ 28. Nxe5 dxe5 29. Rf2 Nxa4 30. d6 Bd7 31. Ra2 Nb6 32. Rxa5 Ra8 33. Rxa8+ Nxa8 34. Bg2 Bc8 35. Kg3 Nb6 36. Kh4 Nxc4 37. Bd5+ Kg7 38. Bxc4 b6 39. Bd5 Kf6 40. Kg3 Bd7 41. Bc4 Be6 42. Bd3 e4 43. Bxe4 Ke5 44. Bg6 Kxd6 45. h4 c4 46. Kf4 Bd7 47. Bc2 Bxb5 48. Kf5 Be8 49. Kf6 b5 50. Kg7 h5 51. Kh6 b4 52. Bd1 b3 53. Kg5 b2 54. Bc2 Ke5 55. Bb1 c3 56. Bd3 Bb5 0-1

[Event "Berlin-ch MT"]
[Site "Berlin"]
[Date "2018.04.05"]
[Round "6"]
[White "Boettcher, Patrick"]
[Black "Schrodt, Sebastian"]
[Result "1-0"]
[WhiteElo "2089"]
[BlackElo "1996"]
[PlyCount "161"]
[EventDate "2018.03.31"]
[EventType "swiss"]
[EventRounds "9"]
[EventCountry "GER"]
[SourceTitle "EXT 2020"]
[Source "ChessBase"]
[SourceDate "2019.10.17"]
[SourceVersion "1"]
[SourceVersionDate "2019.10.17"]
[SourceQuality "1"]

1. c4 Nf6 2. Nf3 g6 3. Nc3 Bg7 4. g3 0-0 5. Bg2 c5 6. d4 cxd4 7. Nxd4 Nc6 8. 0-0 d6 9. b3 Nxd4 10. Qxd4 Ne4 11. Qxe4 Bxc3 12. Bh6 Bxa1 13. Bxf8 Bf6 14. Bh6 Qa5 15. Qc2 Bf5 16. e4 Bd7 17. e5 Qxe5 18. Bxb7 Rb8 19. Bg2 a5 20. Bf4 Qc3 21. Qxc3 Bxc3 22. c5 e5 23. Be3 dxc5 24. Bxc5 a4 25. bxa4 Bxa4 26. Rc1 Bd2 27. Ba7 Rd8 28. Rc4 Bb5 29. Rc5 Ba6 30. Rxe5 Bc4 31. Bc6 Be6 32. a4 Bc3 33. Re2 Rd6 34. Bb5 Bh3 35. f4 Rd1+ 36. Kf2 h5 37. Ra2 Be1+ 38. Ke3 Be6 39. Rb2 Bc3 40. Rc2 Re1+ 41. Kf2 Ba5 42. Bd4 Rd1 43. Ke3 Re1+ 44. Be2 Kf8 45. Rb2 Bd7 46. Kf2 Ke7 47. Bc5+ Kf6 48. Bb6 Bc3 49. Rb3 Rh1 50. Rxc3 Rxh2+ 51. Ke3 Bxa4 52. Bd4+ Ke6 53. Ra3 Bc6 54. Ra6 Kd7 55. Ra7+ Ke8 56. Bf6 Rg2 57. Bh4 Rh2 58. Bc4 Rb2 59. Rc7 Bd7 60. Bxf7+ Kxf7 61. Rxd7+ Ke6 62. Re7+ Kf5 63. Re5+ Kg4 64. Rg5+ Kh3 65. Rxg6 Rb3+ 66. Ke4 Rb4+ 67. Ke5 Rb5+ 68. Kf6 Rb6+ 69. Kg5 Rb5+ 70. Kh6 Rf5 71. Rg5 Rf6+ 72. Kxh5 Ra6 73. Re5 Ra8 74. Re6 Ra5+ 75. Kg6 Kg4 76. f5 Ra8 77. Re4+ Kh3 78. f6 Ra2 79. f7 Rb2 80. f8Q Rf2 81. Rf4 1-0

[Event "Helsingor Xtracon op"]
[Site "Helsingor"]
[Date "2017.07.28"]
[Round "8"]
[White "Schroeder, Christoph"]
[Black "Schrodt, Sebastian"]
[Result "1-0"]
[WhiteElo "2196"]
[BlackElo "2007"]
[PlyCount "51"]
[EventDate "2017.07.22"]
[EventType "swiss"]
[EventRounds "10"]
[EventCountry "DEN"]
[SourceTitle "CBM 179 Extra"]
[Source "ChessBase"]
[SourceDate "2017.08.23"]
[SourceVersion "1"]
[SourceVersionDate "2017.08.23"]
[SourceQuality "1"]

1. e4 c5 2. Nf3 d6 3. d4 cxd4 4. Nxd4 Nf6 5. Nc3 a6 6. h3 e5 7. Nde2 Be7 8. g4 Be6 9. Bg2 b5 10. Ng3 Nc6 11. Be3 Rc8 12. 0-0 b4 13. Nd5 Bxd5 14. exd5 Na5 15. b3 Qc7 16. Qd3 Qb7 17. a3 Rc3 18. Qd2 Qc8 19. axb4 Rxc2 20. Rfc1 Rxc1+ 21. Rxc1 Qb8 22. bxa5 Qxb3 23. Rc8+ Bd8 24. Bb6 Kd7 25. Qc1 Qb5 26. Rxd8+ 1-0

[Event "Helsingor Xtracon op"]
[Site "Helsingor"]
[Date "2017.07.27"]
[Round "7"]
[White "Schrodt, Sebastian"]
[Black "Hafstad, Leif"]
[Result "1-0"]
[WhiteElo "2007"]
[BlackElo "1735"]
[PlyCount "135"]
[EventDate "2017.07.22"]
[EventType "swiss"]
[EventRounds "10"]
[EventCountry "DEN"]
[SourceTitle "CBM 179 Extra"]
[Source "ChessBase"]
[SourceDate "2017.08.23"]
[SourceVersion "1"]
[SourceVersionDate "2017.08.23"]
[SourceQuality "1"]

1. Nf3 e6 2. c4 d5 3. g3 Nf6 4. Bg2 Be7 5. b3 0-0 6. Bb2 Nbd7 7. 0-0 b6 8. e3 c6 9. Qc2 Bb7 10. d3 Rc8 11. Nbd2 Re8 12. Rfe1 Nc5 13. Rad1 Qc7 14. Be5 Qd8 15. e4 Ncd7 16. Bc3 Qc7 17. e5 Ng4 18. Nf1 Red8 19. Qe2 Nh6 20. Bd2 Bf8 21. Bxh6 gxh6 22. Nd4 a6 23. Rc1 c5 24. cxd5 Qxe5 25. Qg4+ Qg5 26. Qxg5+ hxg5 27. dxe6 Bxg2 28. Kxg2 cxd4 29. exd7 Rxc1 30. Rxc1 Rxd7 31. Rc6 Rd6 32. Rxd6 Bxd6 33. g4 Kg7 34. Kf3 Kg6 35. Ke4 Bc5 36. Ng3 Kf6 37. Kd5 Ke7 38. a4 Kd7 39. h3 Be7 40. Ne4 h6 41. f3 f6 42. Ng3 Bf8 43. Nf5 a5 44. Nxd4 Bg7 45. Nf5 Bf8 46. Ne3 Be7 47. Nc4 Bd8 48. Nd6 Be7 49. Nf5 Bf8 50. d4 Bb4 51. Nxh6 Bf8 52. Nf5 Bb4 53. h4 gxh4 54. Nxh4 Bd2 55. Ng2 Bc1 56. f4 Bd2 57. f5 Bg5 58. Ne1 Bd2 59. Nd3 Be3 60. Nb2 Bf4 61. Nc4 Bc7 62. g5 fxg5 63. Ne5+ Ke7 64. Ng4 Kd7 65. f6 Bd8 66. Ne5+ Ke8 67. Ke6 Kf8 68. Nd7+ 1-0

[Event "Helsingor Xtracon op"]
[Site "Helsingor"]
[Date "2017.07.25"]
[Round "5"]
[White "Schrodt, Sebastian"]
[Black "Solberg, Joachim Krokvik"]
[Result "0-1"]
[WhiteElo "2007"]
[BlackElo "2237"]
[PlyCount "104"]
[EventDate "2017.07.22"]
[EventType "swiss"]
[EventRounds "10"]
[EventCountry "DEN"]
[SourceTitle "CBM 179 Extra"]
[Source "ChessBase"]
[SourceDate "2017.08.23"]
[SourceVersion "1"]
[SourceVersionDate "2017.08.23"]
[SourceQuality "1"]

1. Nf3 d5 2. c4 c6 3. g3 Nf6 4. Bg2 dxc4 5. Qc2 g6 6. Qxc4 Bg7 7. 0-0 0-0 8. d3 Nbd7 9. Nbd2 Qa5 10. Nb3 Qh5 11. Bd2 Nb6 12. Qh4 e5 13. Rfe1 Re8 14. Bc3 Nbd5 15. Qxh5 Nxh5 16. Nfd2 b6 17. Ne4 Bd7 18. Rac1 f5 19. Nd6 Re6 20. Nb5 Rc8 21. Bd2 Nhf6 22. Nc3 Nxc3 23. Bxc3 Nd5 24. e4 Nxc3 25. bxc3 Rd6 26. Rcd1 Be6 27. d4 fxe4 28. Rxe4 exd4 29. Nxd4 Bxa2 30. Ra1 Bd5 31. Re7 Bxg2 32. Raxa7 Bf8 33. Kxg2 Bxe7 34. Rxe7 Rf6 35. f4 b5 36. Kf3 Ra8 37. Ke4 Ra3 38. Ke5 Rf7 39. Re8+ Rf8 40. Re6 Rxc3 41. Nxc6 Re3+ 42. Kd6 Rxe6+ 43. Kxe6 Re8+ 44. Kd5 Re2 45. Nd4 Rxh2 46. Nxb5 Rg2 47. Ke6 Rxg3 48. f5 g5 49. Kf6 g4 50. Nd4 Re3 51. Ne6 g3 52. Nf4 Rf3 0-1

[Event "Helsingor Xtracon op"]
[Site "Helsingor"]
[Date "2017.07.23"]
[Round "2"]
[White "Risting, Eivind Olav"]
[Black "Schrodt, Sebastian"]
[Result "1/2-1/2"]
[WhiteElo "2307"]
[BlackElo "2007"]
[PlyCount "52"]
[EventDate "2017.07.22"]
[EventType "swiss"]
[EventRounds "10"]
[EventCountry "DEN"]
[SourceTitle "CBM 179 Extra"]
[Source "ChessBase"]
[SourceDate "2017.08.23"]
[SourceVersion "1"]
[SourceVersionDate "2017.08.23"]
[SourceQuality "1"]

1. d4 Nf6 2. c4 e6 3. Nc3 Bb4 4. Qc2 0-0 5. Nf3 c5 6. dxc5 Bxc5 7. Bg5 Nc6 8. e3 d5 9. a3 d4 10. 0-0-0 e5 11. Nd5 Bg4 12. Bd3 b5 13. Bxh7+ Nxh7 14. Bxd8 Rfxd8 15. Kb1 bxc4 16. Qxc4 Bf5+ 17. Ka1 Na5 18. Qa4 Nb7 19. exd4 Rxd5 20. dxc5 Nxc5 21. Qc4 Rxd1+ 22. Rxd1 Rc8 23. Rd5 Nb3+ 24. Qxb3 Rc1+ 25. Ka2 Bb1+ 26. Ka1 Bc2+ 1/2-1/2

[Event "Helsingor Xtracon op"]
[Site "Helsingor"]
[Date "2016.07.30"]
[Round "9"]
[White "Schrodt, Sebastian"]
[Black "Meyer, Juergen"]
[Result "0-1"]
[WhiteElo "2060"]
[BlackElo "1925"]
[PlyCount "152"]
[EventDate "2016.07.23"]
[EventType "swiss"]
[EventRounds "10"]
[EventCountry "DEN"]
[SourceTitle "CBM 173 Extra"]
[Source "ChessBase"]
[SourceDate "2016.08.29"]
[SourceVersion "1"]
[SourceVersionDate "2016.08.29"]
[SourceQuality "1"]

1. Nf3 f5 2. c4 Nf6 3. Nc3 g6 4. g3 Bg7 5. Bg2 0-0 6. 0-0 d6 7. Qc2 e5 8. d3 Nc6 9. Rb1 h6 10. b4 g5 11. b5 Ne7 12. c5 Ng6 13. Qb3+ Kh8 14. cxd6 cxd6 15. b6 Qxb6 16. Qxb6 axb6 17. Rxb6 d5 18. Nxd5 Rxa2 19. Nb4 Ra4 20. Nd2 Rf7 21. Nc4 Bf8 22. Nd5 Ra6 23. Bb2 Nd7 24. Rxg6 Rxg6 25. Bxe5+ Kh7 26. Rb1 Re6 27. d4 Nxe5 28. Nxe5 Rg7 29. Nb6 Re8 30. g4 Bd6 31. gxf5 Bxe5 32. Nxc8 Bxd4 33. e3 Bc5 34. Nb6 Rf7 35. Na4 b6 36. Nxc5 bxc5 37. e4 c4 38. Rc1 Rc7 39. Rc3 Kg7 40. f3 Kf6 41. Bf1 Rec8 42. Kf2 Ke5 43. Ke3 h5 44. h3 Rb8 45. Bxc4 h4 46. Kd3 Rd8+ 47. Bd5 Rxc3+ 48. Kxc3 Rb8 49. Bb3 Ra8 50. Kd2 Ra1 51. Bd1 Ra3 52. Ke2 Ra2+ 53. Kf1 Rd2 54. Be2 Rb2 55. Kf2 Rb1 56. Bd3 Rd1 57. Be2 Ra1 58. Bf1 Rc1 59. Be2 Rc3 60. Bd1 Ra3 61. Be2 Rb3 62. Bc4 Rb2+ 63. Be2 Rb6 64. Ke3 Rb1 65. Kf2 Kd4 66. f4 gxf4 67. Kf3 Ke5 68. Kg4 Kxe4 69. f6 Ke3 70. f7 Rb8 71. Bb5 Rf8 72. Be8 f3 73. Kxh4 f2 74. Bb5 Rxf7 75. Kg5 Rd7 76. Bc4 Rd3 0-1

[Event "Potsdam Christmas 34th"]
[Site "Potsdam"]
[Date "2009.12.28"]
[Round "3.3"]
[White "Schrodt, Sebastian"]
[Black "Cusnariov, Nikolai"]
[Result "0-1"]
[WhiteElo "2054"]
[BlackElo "2173"]
[PlyCount "40"]
[EventDate "2009.12.27"]
[EventType "swiss"]
[EventRounds "7"]
[EventCountry "GER"]
[SourceTitle "EXT 2022"]
[Source "ChessBase"]
[SourceDate "2021.10.06"]
[SourceVersion "1"]
[SourceVersionDate "2021.10.06"]
[SourceQuality "1"]

1. Nf3 Nf6 2. g3 g6 3. Bg2 Bg7 4. 0-0 0-0 5. c4 c6 6. d3 d5 7. Nbd2 Nbd7 8. Qc2 e5 9. b4 e4 10. Nd4 Qb6 11. Qc3 exd3 12. exd3 Ne4 13. dxe4 Bxd4 14. Qf3 Bxa1 15. Ba3 dxe4 16. Nxe4 Bg7 17. b5 cxb5 18. Bxf8 Nxf8 19. cxb5 Be6 20. a4 Rd8 0-1

[Event "Potsdam Christmas 34th"]
[Site "Potsdam"]
[Date "2009.12.27"]
[Round "1.15"]
[White "Schrodt, Sebastian"]
[Black "Steppan, Siegfried"]
[Result "1-0"]
[WhiteElo "2054"]
[BlackElo "1591"]
[PlyCount "67"]
[EventDate "2009.12.27"]
[EventType "swiss"]
[EventRounds "7"]
[EventCountry "GER"]
[SourceTitle "EXT 2022"]
[Source "ChessBase"]
[SourceDate "2021.10.06"]
[SourceVersion "1"]
[SourceVersionDate "2021.10.06"]
[SourceQuality "1"]

1. Nf3 Nf6 2. g3 b6 3. Bg2 Bb7 4. 0-0 e6 5. b3 Be7 6. Bb2 0-0 7. d3 d6 8. c4 Nbd7 9. Qc2 Rc8 10. Nc3 c6 11. Rac1 b5 12. Qd2 b4 13. Nd1 c5 14. e4 e5 15. Ne3 Nxe4 16. dxe4 Bxe4 17. Nxe5 Bxg2 18. Nxd7 Bxf1 19. Nxf8 Bh3 20. Nxh7 Kxh7 21. Qe2 Be6 22. f4 Bf6 23. Qd3+ Kg8 24. Bxf6 Qxf6 25. Qxd6 Bh3 26. Qxf6 gxf6 27. Rd1 Rc6 28. f5 Ra6 29. Rd2 Rc6 30. Kf2 Rc7 31. Nd5 Rb7 32. g4 Kg7 33. Kg3 Bf1 34. Ne3 1-0

[Event "Berlin Unicorn op"]
[Site "Berlin"]
[Date "2008.05.02"]
[Round "4"]
[White "Schrodt, Sebastian"]
[Black "Bandsom, Olaf"]
[Result "1-0"]
[WhiteElo "2088"]
[BlackElo "1786"]
[PlyCount "108"]
[EventDate "2008.04.30"]
[EventType "swiss"]
[EventRounds "7"]
[EventCountry "GER"]
[SourceTitle "CBM 124 Extra"]
[Source "ChessBase"]
[SourceDate "2008.07.03"]
[SourceVersion "1"]
[SourceVersionDate "2008.07.03"]
[SourceQuality "1"]

1. Nf3 Nc6 2. c4 e5 3. Nc3 Nf6 4. d3 d6 5. g3 g6 6. Bg2 Bg7 7. 0-0 0-0 8. Rb1 Ne7 9. b4 c6 10. c5 dxc5 11. bxc5 Qa5 12. Qb3 Nfd5 13. Bd2 Qxc5 14. Na4 Qd6 15. e4 Nb6 16. Bb4 Qc7 17. Nc5 h6 18. a4 Re8 19. a5 Nd7 20. Ne6 fxe6 21. Qxe6+ Kh7 22. Bd6 Qd8 23. Qf7 Nf6 24. Bc5 Neg8 25. Nh4 Qd7 26. Qxg6+ Kh8 27. Nf5 Bf8 28. Bxf8 Rxf8 29. f4 Qh7 30. Qxh7+ Nxh7 31. fxe5 Re8 32. Nd6 Re7 33. Rf7 Rxf7 34. Nxf7+ Kg7 35. Nd6 b5 36. axb6 axb6 37. Rxb6 Ra1+ 38. Kf2 Ba6 39. Ke3 Ra3 40. Bf1 c5 41. Nf5+ Kf8 42. Be2 c4 43. Rb8+ Kf7 44. Bh5+ Ke6 45. Rxg8 Rxd3+ 46. Kf4 Bb5 47. Rg6+ Kd7 48. e6+ Kd8 49. e7+ Kc7 50. Be2 Ra3 51. Bxc4 Ng5 52. Rxh6 Be8 53. Kxg5 Rc3 54. Bd5 Kd7 1-0

[Event "Berlin Unicorn op"]
[Site "Berlin"]
[Date "2008.05.01"]
[Round "3"]
[White "Brustkern, Juergen"]
[Black "Schrodt, Sebastian"]
[Result "1-0"]
[WhiteElo "2311"]
[BlackElo "2088"]
[PlyCount "97"]
[EventDate "2008.04.30"]
[EventType "swiss"]
[EventRounds "7"]
[EventCountry "GER"]
[SourceTitle "CBM 124 Extra"]
[Source "ChessBase"]
[SourceDate "2008.07.03"]
[SourceVersion "1"]
[SourceVersionDate "2008.07.03"]
[SourceQuality "1"]

1. d4 Nf6 2. c4 g6 3. Nc3 c5 4. d5 e6 5. e4 exd5 6. cxd5 d6 7. f4 Nbd7 8. Nf3 Qe7 9. Bd3 a6 10. 0-0 Bg7 11. e5 dxe5 12. fxe5 Ng4 13. Bg5 f6 14. exf6 Bxf6 15. Re1 Nge5 16. Bxf6 Qxf6 17. Nxe5 Nxe5 18. Qe2 0-0 19. Qxe5 Qf2+ 20. Kh1 Bh3 21. Qg3 Qxb2 22. Ne4 Bf5 23. d6 Qd4 24. Rac1 Rad8 25. Bc4+ Kg7 26. Ng5 Qxd6 27. Qh4 h6 28. Re7+ Qxe7 29. Ne6+ Qxe6 30. Bxe6 Bxe6 31. Qe7+ Bf7 32. Qxb7 Rd6 33. Rf1 c4 34. a4 Rdd8 35. Qxa6 Be6 36. Kg1 Rxf1+ 37. Kxf1 Bf5 38. Qb7+ Rd7 39. Qb4 Rc7 40. Qc3+ Kf7 41. Kf2 Ke6 42. g4 Bd3 43. Ke3 Rb7 44. Qa5 Rb3 45. Kd4 Kd6 46. Qc5+ Kd7 47. a5 Rb8 48. a6 Re8 49. Qb5+ 1-0